Jean Viard, Nouveau portrait de la France . La société des modes de vie. Éditions de l’Aube, 2012, 205 pages, 14 € (notice n° 2080399)
[ vue normale ]
| 000 -LEADER | |
|---|---|
| fixed length control field | 00524cam a2200145 4500500 |
| 005 - DATE AND TIME OF LATEST TRANSACTION | |
| control field | 20260405005029.0 |
| 041 ## - LANGUAGE CODE | |
| Language code of text/sound track or separate title | fre |
| 042 ## - AUTHENTICATION CODE | |
| Authentication code | dc |
| 100 10 - MAIN ENTRY--PERSONAL NAME | |
| Personal name | Koller, Sylvie |
| Relator term | author |
| 245 00 - TITLE STATEMENT | |
| Title | Jean Viard, Nouveau portrait de la France . La société des modes de vie. Éditions de l’Aube, 2012, 205 pages, 14 € |
| 260 ## - PUBLICATION, DISTRIBUTION, ETC. | |
| Date of publication, distribution, etc. | 2012.<br/> |
| 500 ## - GENERAL NOTE | |
| General note | 18 |
| 786 0# - DATA SOURCE ENTRY | |
| Note | Études | 417 | 9 | 2012-09-01 | p. XXV-XXV | 0014-1941 |
| 856 41 - ELECTRONIC LOCATION AND ACCESS | |
| Uniform Resource Identifier | <a href="https://shs.cairn.info/revue-etudes-2012-9-page-XXV?lang=fr&redirect-ssocas=7080">https://shs.cairn.info/revue-etudes-2012-9-page-XXV?lang=fr&redirect-ssocas=7080</a> |
Pas d'exemplaire disponible.




Réseaux sociaux